MARC details
| 000 -BAŞLIK |
| Sabit Uzunluktaki Kontrol Alanı |
01787nam a22003137a 4500 |
| 001 - KONTROL NUMARASI |
| Control Dosyası |
0004648 |
| 003 - KONTROL NUMARASI KİMLİĞİ |
| Kontrol Alanı |
KOHA_MİRAKIL |
| 005 - EN SON İŞLEM TARİHİ ve ZAMANI |
| Kontrol Alanı |
20260207001420.0 |
| 007 - FİZİKSEL TANIM SABİT ALAN - GENEL BİLGİ |
| Sabit uzunluklu kontrol alanı |
ta |
| 008 - SABİT UZUNLUKTAKİ VERİ ÖGELERİ - GENEL BİLGİ |
| Sabit Alan |
090506b1996 us |||gr||||#||||0|eng | |
| 020 ## - ISBN - ULUSLARARASI STANDART KİTAP NUMARASI |
| Isbn |
0471163082 |
| Nitelik bilgileri |
|
| 040 ## - KATALOGLAMA KAYNAĞI |
| Özgün Kataloglama Kurumu |
TR-BiSEU |
| Kataloglama Dili |
tur |
| Çeviri Kurumu |
TR-BiSEU |
| Açıklama Kuralları |
rda |
| 041 0# - DİL KODU |
| Metin ya da ses kaydının dil kodu |
eng |
| 044 ## - YAYINLAYAN/ÜRETEN KURULUŞUN ÜLKE KODU |
| ISO country code |
us |
| 050 ## - SINIFLAMA ve YER NUMARASI |
| Sınıflama Numarası |
DS109.93 |
| Yer Numarası |
.G55 1996 |
| 100 1# - KİŞİ ADI |
| Yazar Adı (Kişi adı) |
Gilbert, Martin. |
| 245 1# - ESER ADI BİLDİRİMİ |
| Başlık |
Jerusalem in the twentieth century/ |
| Sorumluluk Bildirimi |
Martin Gilbert ; Martin Gilbert. |
| 264 #1 - ÜRERİM, YAYIN, DAĞITIM ve TELİF BİLDİRİMİ |
| Yayın yeri |
New York : |
| Yayınlayan |
J. Wiley & Sons |
| Yayın tarihi |
1996 |
| 300 ## - FİZİKSEL TANIMLAMA |
| Sayfa, Cilt vb. |
xvi, 412, [16] sayfa: resimli, haritalı |
| 336 ## - İÇERİK TÜRÜ |
| Content type term |
metin |
| Content type code |
txt |
| Source |
rdacontent |
| 337 ## - MEDYA TÜRÜ |
| Media type term |
aracısız |
| Media type code |
n |
| Source |
rdamedia |
| 338 ## - TAŞIYICI TÜRÜ |
| Carrier type term |
cilt |
| Carrier type code |
nc |
| Source |
rdacarrier |
| 500 ## - GENEL NOT |
| Genel Not |
Includes bibliographical references and index. |
| 505 ## - İÇİNDEKİLER NOTU |
| İçindekiler Notu |
Awakenings, 1900-1909. |
| 650 #0 - KONU BAŞLIĞI EK GİRİŞ - KONU TERİMİ |
| Konusal terim veya coğrafi ad |
Jerusalem--History. |
| 9 (RLIN) |
11466 |
| 650 #0 - KONU BAŞLIĞI EK GİRİŞ - KONU TERİMİ |
| Konusal terim veya coğrafi ad |
Palestine--History--1917-1948. |
| 9 (RLIN) |
11467 |
| 650 #0 - KONU BAŞLIĞI EK GİRİŞ - KONU TERİMİ |
| Konusal terim veya coğrafi ad |
Israel--History. |
| 9 (RLIN) |
11468 |
| 942 ## - EK GİRİŞ ÖGELERİ (KOHA) |
| Source of classification or shelving scheme |
Library of Congress Classification |
| Koha item type |
Book |
| 505 ## - İÇİNDEKİLER NOTU |
| -- |
Conflicts, 1910-1914. |
| -- |
War, 1914-1917. |
| -- |
The British Conquest, December 1917. |
| -- |
British Military Rule, 1918-1919. |
| -- |
In Search of Equilibrium, 1920-1921. |
| -- |
The First Six Years of the British Mandate, 1922-1929. |
| -- |
The Riots of 1929. |
| -- |
The Search for Normality, 1930-1936. |
| -- |
The Riots of 1936 and Their Aftermath. |
| -- |
The Second World War, 1939-1945. |
| -- |
A City in Turmoil, 1945-1947. |
| -- |
The Last Four and a Half Months of British Rule, January-May 1948. |
| -- |
Two Weeks of War, 14-29 May 1948. |
| -- |
Truce, Violence, Armistice and Renewal, June 1948 to December 1949. |
| -- |
A Tale of Two Cities, 1950-1967. |
| -- |
The Six-Day War, June 1967. |
| -- |
Reunification: The First Two Years, 1967-1969. |
| -- |
The Search for Harmony, 1970-1980. |
| -- |
From Annexation to Intifada, 1980-1989. |
| -- |
Towards the Twenty-First Century: Struggle, Uncertainty and Hope. |
| -- |
Bibliography. |
| -- |
Maps. |
| -- |
Index. |
| -- |
|